000 01485nam a2200373 c 4500
003 BLK
005 20250719134311.0
008 180409b bul|||||r ||||||| ||bul||
010 _aKNG00139077000
020 _a978-954-9625-85-1
_bиздат.: Ергон
040 _aBLK
041 _aBUL
_cBUL
072 7 _2bullib
_aН83
_xЧужда художествена литература Н
080 _aАмериканска литература (на САЩ)
_b821.111(73)
_x-31
_z821.111(73)-31
100 1 _aКлейпас, Лайза
_eпърви автор
_979634
700 1 _aРайкова, Диана
_eпрев. от англ.
_9367752
139 _aКлейпас, Лайза
_bК 63
245 1 0 _aЛюбов на разсъмване
_bРоман
_cЛайза Клейпас; прев. от англ. Диана Райкова.
257 _aUSA
260 София
_bЕргон
_c2012
300 _a320 с.
_c20 см
380 _aX
490 1 _aБиблиотека Любов и Съдба
490 1 _3Подсерия
_aСага Хатауей
_vКн. 2
500 _aОриг. загл. Seduce Me at Sunrise / Lisa Kleypas. Кн. 2 от сагата "Хатауей".
653 _aромантична проза
659 _aН
852 _aЦб 258194
856 4 _qpdf
_u
856 4 _qpdf
_u
942 _cKNG
_n0
_071
944 _aCR
_c06.02.2013
_lНора Радева
_k30545
944 _aED
_c03.01.2014
_lф /
_k
999 _c133187
_d133187